01204 a2200205 45000010006000000050017000060080041000230030015000640400040000790800045001192450114001640200022002782640037003003000019003375050568003560410008009241000024009327000020009567000022009766303520260407155925.0260407a1990 arg spa dAR-UNSa-BCEJYS aAR-UNSa-BCEJYSbspacAR-UNSa-BCEJYS a37.015.4xSociología de la educación10aEl nivel educativo subepRefutación de una antigua idea sobre la pretendida decadencia de nuestras escuelas a978-84-7112-343-5 1aMadrid :bEdiciones Moratac1990 a167 p.c21 cm. a1. Desde hace cuatro mil años caían en el abismo - 2. Medidas difíciles - 3. El crecimiento de los títulos - 4. La mejora de las calificaciones - 5. Los progresos de los rendimientos - 6. Obras consagradas - 7. El nivel alto, un nivel controlado - 8. Elitismo: ¿Dice usted republicano? - 9. Un centro poco centrado - 10. triunfar en el LEP - 11. El difícil acceso a los conocimientos básicos - 12. El nivel, historia de una palabra - 13. El bachillerato o la institución del nivel - 14. El nivel, un organizador social - 15. Por un SMIC cultural -  aspa1 aBaudelot, Christian1 aEstablet, Roger1 aSolana, Guillermo